000 00210nam a22000857a 4500
008 170626b xxu||||| |||| 00| 0 eng d
100 _93688
_aAhuja. B. N
245 _aDictionary of Syno and Anto
260 _aNew delhi
999 _c7105
_d7105